Les plus grandes villes de Vaud - Quiz - Statistiques

Statistiques générales
  • Ce quiz a été pris 210 fois
  • Le résultat moyen est 11 sur 20
Statistiques - réponses
Population Ville % Correct
141'616 Lausanne
100%
26'100 Montreux
92%
19'754 Vevey
88%
22'481 Nyon
83%
29'897 Yverdon-les-Bains
82%
17'535 Morges
80%
21'128 Renens
68%
10'943 Aigle
62%
19'014 Pully
58%
13'698 Gland
56%
10'718 Lutry
50%
12'323 Prilly
45%
10'382 Payerne
42%
9'165 Crissier
34%
12'402 La Tour-de-Peilz
34%
13'142 Ecublens
33%
10'397 Bussigny
29%
9'828 Epalinges
24%
9'301 Le Mont-sur-Lausanne
24%
12'137 Blonay - Saint-Légier
12%
Aucun quiz correspondant
Distribution des résultats
% des personnes avec chaque résultat
Percentile par nombre de réponses
Votre historique - résultats
Vous n’avez pas pris ce quiz